000 00909nam a2200229 a 4500
001 000006003
005 20200929151859.0
008 971202s1991 sp b 001 0 spa d
020 _a8478200975
040 _aDO-SdBNP
_cMNU
_dCUY
_dDLC
082 _a860.64
_bD671L
100 1 _aDomínguez Lasierra, Juan,
_d1943-
_916907
245 1 3 _aLa literatura en Aragón :
_bfuentes para una historia literaria /
_cJuan Domínguez Lasierra.
260 _aZaragoza, España :
_bInstitucion Fernando el Católico,
_c1991.
300 _a193 p. ;
_c24 cm.
490 1 _aPublicación de la Institucion Fernando el Católico
_vno. 1276
504 _aBibliografías : p. 171-193.
650 4 _aLiteratura española
_xHistoria y crítica
_93904
650 4 _aLiteratura española
_ySIGLO XXI
_94846
830 0 _aPublicación de la Institución Fernando el Católico ;
_vno. 1276.
_914666
910 _aCatalogación por copia / LC
999 _c5799
_d5799